000 00555nam a2200205Ia 4500
005 20260429111958.0
008 260429s9999||||xx |||||||||||||| ||und||
020 _a9781789148756
041 _aEnglish
082 _a909.09519
_bMCB
100 _aMcbride II, Richard D.
245 0 _aThree kingdoms of Korea :
_blost civilizations /
_cRichard D. Mcbride II
250 _a1st ed.
260 _aUnited Kingdom :
_bReaktion books,
_c2024.
300 _a214 p.; hb
650 _a Civilization
650 _a Korea
650 _aHistory
942 _cTB
999 _c51722
_d51722